[Event "St Petersburg-ch qual"]
[Site "St Petersburg"]
[Date "2006.12.06"]
[Round "5"]
[White "Molchanov, Vladimir"]
[Black "Fokin, Anatoly"]
[Result "1-0"]
[WhiteElo "2093"]
[BlackElo "1986"]
[PlyCount "61"]
[EventDate "2006.11.27"]
[EventType "swiss"]
[EventRounds "10"]
[EventCountry "RUS"]
[SourceTitle "EXT 2008"]
[Source "ChessBase"]
[SourceDate "2007.11.25"]
[SourceVersion "1"]
[SourceVersionDate "2007.11.25"]
[SourceQuality "1"]

1. e4 d5 2. exd5 Nf6 3. Bb5+ Bd7 4. Bc4 Bg4 5. Be2 Bxe2 6. Qxe2 Nxd5 7. Nf3 Nc6 8. d4 e6 9. Bg5 Be7 10. Bxe7 Qxe7 11. 0-0 0-0 12. Re1 Qf6 13. c3 Rfe8 14. Nbd2 a6 15. Nc4 Nf4 16. Qe4 Rad8 17. Nce5 Rd6 18. Ng4 Qg6 19. Qxf4 f6 20. Rad1 Red8 21. Ne3 Ne7 22. Nc4 e5 23. Qe4 Rc6 24. Qxg6 Nxg6 25. Na5 Rb6 26. dxe5 Rxd1 27. Rxd1 fxe5 28. b4 c5 29. Nc4 Re6 30. Rd8+ Kf7 31. Ng5+ 1-0